All Magnus Archives Episodes Entities - Statistics

General Stats
  • This quiz has been taken 82 times
  • The average score is 116 of 200
Answer Stats
Hint Answer % Correct
Mag. 1Anglerfish Stranger
100%
Mag. 2 Do Not Open Buried, Stranger
96%
Mag. 3Across The Street Stranger
96%
Mag. 6 Squirm Corruption
95%
Mag. 13Alone Lonely
93%
Mag. 16Arachnophobia Web
93%
Mag. 15Lost John's Cave Buried
91%
Mag. 17The Boneturner's Tale Flesh
91%
Mag. 10Vampire Killer Hunt, Web
91%
Mag. 8Burned Out Spiral, Desolation, Web
91%
Mag. 22 Colony Corruption
89%
Mag. 39Infestation Corruption, Eye, Web, Stranger
89%
Mag. 9A Father's Love Dark, Slaughter
89%
Mag. 26A Distorsion Spiral, Corruption
89%
Mag. 32Hive Corruption
87%
Mag. 11Dreamer End, Eye
87%
Mag. 30Killing Floor Flesh
87%
Mag. 5Thrown Away Flesh, Stranger
87%
Mag. 31 First Hunt Hunt
87%
Mag. 34Anatomy Class Stranger
87%
Mag. 21Freefall Vast
87%
Mag. 40Human Remains Corruption, Eye, Web, Stranger
85%
Mag. 25Growing Dark Dark
85%
Mag. 37Burnt Offering Desolation, Eye, Web
85%
Mag. 14Piecemeal Flesh
85%
Mag. 7The Piper Slaughter
85%
Mag. 29Cheating Death End
84%
Mag. 51High Pressure Vast, Buried
84%
Mag. 4Page Turner Vast, Eye
84%
Mag. 35Old Passages Buried, Eye, Vast, Dark, Flesh, Web, Desolation, Corruption, Stranger
82%
Mag. 55Pest Control Corruption, Desolation
82%
Mag. 12First Aid Desolation, Eye
82%
Mag. 49The Butcher's Window Flesh
82%
Mag. 57 Personal Space Lonely, Vast, Dark
82%
Mag. 42Grifter's Bone Slaughter, End
82%
Mag. 47The New Door Spiral
82%
Mag. 24Strange Music Stranger
82%
Mag. 71Underground Buried
80%
Mag. 41Too Deep Buried, Eye, Corruption
80%
Mag. 60Observer Effect Eye
80%
Mag. 20Desecrated Host Flesh, Spiral, Desolation
80%
Mag. 82The Eyewitnesses Hunt, Slaughter, Eye
80%
Mag. 48Lost In The Crowd Lonely, Stranger
80%
Mag. 81A Guest For Mr. Spider Web
80%
Mag. 45Blood Bag Corruption, Flesh
78%
Mag. 36Taken Ill Corruption, Hunt
78%
Mag. 73Police Lights Dark, Hunt
78%
Mag. 67Burning Desire Desolation
78%
Mag. 65Binary Extinction, Spiral, Eye, Corruption, End
78%
Mag. 18The Man Upstairs Flesh
78%
Mag. 44Tightrope Stranger
78%
Mag. 77The Kind Mother Stranger
78%
Mag. 78Distant Cousin Stranger, Web, Spiral
78%
Mag. 46Literary Heights Vast, Spiral
78%
Mag. 50Foundations Buried
76%
Mag. 19Confession Flesh, Spiral, Desolation
76%
Mag. 43Section 31 Desolation, End, Hunt
75%
Mag. 70Book of the Dead End
75%
Mag. 58Trail Rations Flesh
75%
Mag. 79Hide and Seek Stranger, Spiral
75%
Mag. 33Boatswain's Call Lonely
73%
Mag. 76The Smell Of Blood Slaughter
73%
Mag. 75A Long Way Down Vast
73%
Mag. 88DIG Buried
71%
Mag. 62First Edition End, Eye
71%
Mag. 23Schwartzwald Eye
71%
Mag. 90BodyBuilder Flesh
71%
Mag. 38Lost and Found Spiral
71%
Mag. 28Skintight Stranger, Slaughter
71%
Mag. 80The Librarian Stranger, Spiral
71%
Mag. 68Tale of a Field Hospital Corruption
69%
Mag. 86Tucked In Dark
69%
Mag. 54Still Life Stranger
67%
Mag. 61 Hard Shoulder Stranger, Buried, Hunt
67%
Mag. 87The Uncanny Valley Stranger, Desolation
67%
Mag. 66Held In Customs Buried, Lonely
65%
Mag. 102Nesting Instinct Corruption, Stranger
65%
Mag. 98Lights Out Dark
65%
Mag. 100I Guess You Had To Be There Desolation, Dark, Spiral, Web, Lonely
65%
Mag. 94Dead Woman Walking End
65%
Mag. 120Eye Contanct Eye
65%
Mag. 72Takeaway Flesh
65%
Mag. 103Cruelty Free Flesh
65%
Mag. 112Thrill Of The Chase Hunt, Slaughter
65%
Mag. 27A Sturdy Lock Spiral
65%
Mag. 93Contaminant Corruption
64%
Mag. 105Total War Slaughter
64%
Mag. 101Another Twist Spiral, Stranger
64%
Mag. 59Recluse Web, Desolation
64%
Mag. 132Entombed Buried
62%
Mag. 109Nightfall Dark, Hunt
62%
Mag. 107Third Degree Desolation, Stranger
62%
Mag. 53Crusader Eye
62%
Mag. 130Meat Flesh
62%
Mag. 131Flesh Flesh
62%
Mag. 56Children Of The Night Hunt, Web
62%
Mag. 119Stranger and Stranger Stranger
62%
Mag. 97We All Ignore The Pit Buried
60%
Mag. 152A Gravedigger's Envy Buried
60%
Mag. 64Burial Rites End
60%
Mag. 160The Eye Opens Eye
60%
Mag. 74Fatigue Spiral
60%
Mag. 118The Masquerade Stranger
60%
Mag. 123Web Development Web
60%
Mag. 147Weaver Web
60%
Mag. 63The End Of The Tunnel Dark
58%
Mag. 52Exceptional Risk Dark, Slaughter
58%
Mag. 83Drawing A Blank Stranger
58%
Mag. 116The Show Must Go On Stranger
58%
Mag. 135Dark Matter Dark
56%
Mag. 89Twice as Bright Desolation
56%
Mag. 158Panopticon Eye, Lonely
56%
Mag. 91The Coming Storm Vast, Spiral
55%
Mag. 164The Sick Village Corruption
53%
Mag. 148Extended Surveillance Eye
53%
Mag. 69Thought For The Day Web
53%
Mag. 99Dust To Dust Buried
51%
Mag. 129Submerged Buried
51%
Mag. 169Fire Escape Desolation
51%
Mag. 200Last Words Eye, Web
51%
Mag. 117Testament Stranger
51%
Mag. 143Heart Of Darkness Dark
49%
Mag. 111Family Business End, Eye
49%
Mag. 171The Gardener Flesh
49%
Mag. 84Possessive Corruption
47%
Mag. 173Night Night Dark
47%
Mag. 108Monolouge Lonely
47%
Mag. 163In The Trenches Slaughter
47%
Mag. 136The Puppeteer Web
47%
Mag. 138The Architecture of Fear Eye
45%
Mag. 199Seeing It Through Eye
45%
Mag. 161Dwelling Eye, Lonely
45%
Mag. 178The Processing Line Flesh
45%
Mag. 159The Last Lonely
45%
Mag. 125Civilian Casualties Slaughter
45%
Mag. 166The Worms Buried
44%
Mag. 149Concrete Jungle Extinction
44%
Mag. 104Sneak Preview Stranger
44%
Mag. 184Like Ants Corruption, Buried
42%
Mag. 127Remains To Be Seen Eye
42%
Mag. 167Curiosity Eye, Web
42%
Mag. 115Taking Stock Flesh
42%
Mag. 106A Matter Of Perspective Vast
42%
Mag. 110Creature Feature Web
42%
Mag. 157Rotten Core Corruption
40%
Mag. 121Far Away End, Web
40%
Mag. 193A Stern Look Eye
40%
Mag. 194Parting Eye, Corruption
40%
Mag. 85Upon The Stair Lonely
40%
Mag. 150Cul-De-Sac Lonely
40%
Mag. 122Zombie Stranger, Lonely
40%
Mag. 197Connected Web
40%
Mag. 188Centre Of Attention Eye
38%
Mag. 192An Appoinment Eye
38%
Mag. 95Absent Without Leave Slaughter
38%
Mag. 177Wonderland Spiral
38%
Mag. 96Return To Sender Stranger
38%
Mag. 124Left Hanging Vast
38%
Mag. 196This Old House Web
38%
Mag. 190Scavengers Buried, Dark, Eye
36%
Mag. 185Locked In Buried, Stranger, Eye
36%
Mag. 168Roots End
36%
Mag. 186Quiet Lonely
36%
Mag. 195Adrift Vast, Dark, Buried
36%
Mag. 162A Cosy Cabin (This one's The Dull) Dull
35%
Mag. 189Peers Eye
35%
Mag. 165Revolutions Stranger
35%
Mag. 114Cracked Foundation Web
35%
Mag. 154Bloody Mary Eye, End
33%
Mag. 170Recollection Lonely
33%
Mag. 151Big Picture Vast, Lonely, Extinction
33%
Mag. 153Love Bombing Corruption
31%
Mag. 113Breathing Room End
31%
Mag. 155Cost Of Living End
31%
Mag. 176Blood Ties Hunt
31%
Mag. 92Nothing Beside Remains Lonely
31%
Mag. 183Monument Lonely, Eye, Spiral, Vast
31%
Mag. 128Heavy Goods Stranger
31%
Mag. 174The Great Beast Vast
31%
Mag. 198Precipice Vast
31%
Mag. 172Strung Out Web
31%
Mag. 140The Movement Of The Heavens Dark
29%
Mag. 133Dead Horse Hunt
29%
Mag. 137Nemesis Slaughter
27%
Mag. 187Checking Out Spiral
27%
Mag. 141Doomed Voyage Spiral, Vast
27%
Mag. 139Chosen Desolation
25%
Mag. 134Time Of Revelation Extinction
25%
Mag. 144Decrypted Extinction
22%
Mag. 175Epoch Extinction
22%
Mag. 182Wellbeing Stranger
22%
Mag. 142Scrutiny Buried
20%
Mag. 156Reflection Extinction
20%
Mag. 145Infectious Doubts Desolation
18%
Mag. 191What We Lose Lonely
18%
Mag. 181Ignorance Web
18%
Mag. 180Moving On End
16%
Mag. 146Threshold Spiral
13%
Mag. 179Accomplice Desolation
9%
Mag. 126Sculptor's Tool Sprial
4%
No matching quizzes found
Score Distribution
Percent of People with Each Score
Percentile by Number Answered
Your Score History
You have not taken this quiz